Obálka Náhled e-knihy:
PDF Epub
Pro půjčování e-knih musíte být přihlášeni.
Jak si půjčit online?

Maryša /

Realistické drama o pěti jednáních od autorské dvojice, bratří Aloise a Viléma Mrštíkových. Příběh Maryši, dcery sedláka, a chudého Francka se odehrává na moravské vesnici devatenáctého století. V dialozích je užito nářečí charakteristického pro danou oblast. Maryša je rodiči nucena vdát se za vdovc...

Celý popis

Uloženo v:
Hlavní autor: Mrštík, Vilém (Autor)
Médium: E-kniha
Jazyk:Czech
Vydáno: Praha : Tribun EU, 2011
Tagy:
Žádné tagy
LEADER 01473nam a22002297i 4500
001 291943
007 ta
008 260407s2011 xr ||||| |||| 00| 0 cze d
020 |a 9788026301080 
044 |a xr 
100 1 |a  Mrštík, Vilém  |4 aut 
245 1 0 |a Maryša /  |c  Mrštík, Vilém 
264 1 |a Praha :  |b Tribun EU,  |c 2011 
300 |a 1 online zdroj (96 stran) 
336 |a text  |b txt  |2 rdacontent 
337 |a bez média  |b n  |2 rdamedia 
338 |a online zdroj  |b cr  |2 rdacarrier 
520 2 |a Realistické drama o pěti jednáních od autorské dvojice, bratří Aloise a Viléma Mrštíkových. Příběh Maryši, dcery sedláka, a chudého Francka se odehrává na moravské vesnici devatenáctého století. V dialozích je užito nářečí charakteristického pro danou oblast. Maryša je rodiči nucena vdát se za vdovce Vávru, jehož jediným zájmem je vyrovnat dívčiným majetkem své dluhy. Francek odchází na vojnu, aby se po letech vrátil a postavil svou milovanou Maryšu před mravní dilema. Ilustrovala Petra Antonovová. 
910 |a RBIT002 
998 |d 440  |a https://core.palmknihy.cz/api/books/440/cover?x7ac1s  |b https://core.palmknihy.cz/api/books/440/cover/400?raql2h  |c https://core.palmknihy.cz/api/books/440/cover/50?4ky6ur  |e 2071-01-01  |g 96  |i 9788026301080  |j https://core.palmknihy.cz/api/books/440/preview.epub  |k https://core.palmknihy.cz/api/books/440/preview.pdf  |l   |q 49  |r 1  |s https://www.palmknihy.cz/kniha/440  |t ebook  |y 2011  |z 1 
999 |d 291941